<?xml version="1.0" encoding="UTF-8"?>
<record
    xmlns:xsi="http://www.w3.org/2001/XMLSchema-instance"
    xsi:schemaLocation="http://www.loc.gov/MARC21/slim http://www.loc.gov/standards/marcxml/schema/MARC21slim.xsd"
    xmlns="http://www.loc.gov/MARC21/slim">

  <leader>03145cam a2200361 i 4500</leader>
  <controlfield tag="003">SA-RiAUC</controlfield>
  <controlfield tag="005">20250715055804.0</controlfield>
  <controlfield tag="008">250714s2009____su a   f b   f100 0 ara c</controlfield>
  <datafield tag="020" ind1=" " ind2=" ">
    <subfield code="a">9786038002131</subfield>
  </datafield>
  <datafield tag="024" ind1="0" ind2=" ">
    <subfield code="a">00000000832269</subfield>
  </datafield>
  <datafield tag="040" ind1=" " ind2=" ">
    <subfield code="a">KAPL</subfield>
    <subfield code="b">ara</subfield>
    <subfield code="c">SA-RiAUC</subfield>
    <subfield code="d">SA-RiKSU</subfield>
    <subfield code="e">rda</subfield>
  </datafield>
  <datafield tag="043" ind1=" " ind2=" ">
    <subfield code="a">ap-----</subfield>
  </datafield>
  <datafield tag="050" ind1=" " ind2="4">
    <subfield code="b">.M88 2007</subfield>
  </datafield>
  <datafield tag="082" ind1="0" ind2="4">
    <subfield code="a">327.61053</subfield>
    <subfield code="q">SA-RiAUC</subfield>
  </datafield>
  <datafield tag="090" ind1=" " ind2=" ">
    <subfield code="a">327.61053  </subfield>
    <subfield code="b">  &#x645; &#x624; &#x62A;</subfield>
  </datafield>
  <datafield tag="111" ind1="2" ind2=" ">
    <subfield code="a">&#x627;&#x644;&#x645;&#x624;&#x62A;&#x645;&#x631; &#x627;&#x644;&#x639;&#x644;&#x645;&#x64A; &#x627;&#x644;&#x62E;&#x644;&#x64A;&#x62C;&#x64A; &#x627;&#x644;&#x645;&#x63A;&#x627;&#x631;&#x628;&#x64A;</subfield>
    <subfield code="n">(3 :</subfield>
    <subfield code="d">2007 :</subfield>
    <subfield code="c">&#x641;&#x627;&#x633;&#x60C; &#x627;&#x644;&#x645;&#x63A;&#x631;&#x628;)</subfield>
  </datafield>
  <datafield tag="245" ind1="1" ind2="0">
    <subfield code="a">&#x62F;&#x648;&#x644; &#x627;&#x644;&#x62E;&#x644;&#x64A;&#x62C; &#x648;&#x627;&#x644;&#x645;&#x63A;&#x631;&#x628; &#x627;&#x644;&#x639;&#x631;&#x628;&#x64A;&#x64A;&#x646; &#x648;&#x627;&#x644;&#x645;&#x62A;&#x63A;&#x64A;&#x631;&#x627;&#x62A; &#x627;&#x644;&#x62F;&#x648;&#x644;&#x64A;&#x629; :</subfield>
    <subfield code="b">&#x627;&#x644;&#x648;&#x627;&#x642;&#x639; &#x648;&#x627;&#x644;&#x622;&#x641;&#x627;&#x642; : &#x628;&#x62D;&#x648;&#x62B; &#x627;&#x644;&#x645;&#x624;&#x62A;&#x645;&#x631; &#x627;&#x644;&#x639;&#x644;&#x645;&#x64A; &#x627;&#x644;&#x62E;&#x644;&#x64A;&#x62C;&#x64A; &#x627;&#x644;&#x645;&#x63A;&#x627;&#x631;&#x628;&#x64A; &#x627;&#x644;&#x62B;&#x627;&#x644;&#x62B; &#x627;&#x644;&#x645;&#x646;&#x639;&#x642;&#x62F; &#x641;&#x64A; &#x645;&#x62F;&#x64A;&#x646;&#x629; &#x641;&#x627;&#x633; &#x628;&#x627;&#x644;&#x645;&#x645;&#x644;&#x643;&#x629; &#x627;&#x644;&#x645;&#x63A;&#x631;&#x628;&#x64A;&#x629; &#x62E;&#x644;&#x627;&#x644; &#x627;&#x644;&#x645;&#x62F;&#x629; 17-19 &#x634;&#x648;&#x627;&#x644; 1428 &#x647;&#x640;. &#x627;&#x644;&#x645;&#x648;&#x627;&#x641;&#x642; 29-31 &#x623;&#x643;&#x62A;&#x648;&#x628;&#x631; 2007 &#x645; &#x628;&#x627;&#x644;&#x62A;&#x639;&#x627;&#x648;&#x646; &#x628;&#x64A;&#x646; &#x62F;&#x627;&#x631;&#x629; &#x627;&#x644;&#x645;&#x644;&#x643; &#x639;&#x628;&#x62F; &#x627;&#x644;&#x639;&#x632;&#x64A;&#x632; &#x648;&#x645;&#x624;&#x633;&#x633;&#x629; &#x627;&#x644;&#x62A;&#x645;&#x64A;&#x645;&#x64A; &#x644;&#x644;&#x628;&#x62D;&#x62B; &#x627;&#x644;&#x639;&#x644;&#x645;&#x64A; &#x648;&#x627;&#x644;&#x645;&#x639;&#x644;&#x648;&#x645;&#x627;&#x62A; &#x648;&#x62C;&#x627;&#x645;&#x639;&#x629; &#x633;&#x64A;&#x62F;&#x64A; &#x645;&#x62D;&#x645;&#x62F; &#x628;&#x646; &#x639;&#x628;&#x62F; &#x627;&#x644;&#x644;&#x647;.</subfield>
  </datafield>
  <datafield tag="264" ind1=" " ind2="1">
    <subfield code="a">&#x627;&#x644;&#x631;&#x64A;&#x627;&#x636; :</subfield>
    <subfield code="b">&#x62F;&#x627;&#x631;&#x629; &#x627;&#x644;&#x645;&#x644;&#x643; &#x639;&#x628;&#x62F; &#x627;&#x644;&#x639;&#x632;&#x64A;&#x632;&#x60C;</subfield>
    <subfield code="c">2009.</subfield>
  </datafield>
  <datafield tag="300" ind1=" " ind2=" ">
    <subfield code="a">379 &#x635;&#x641;&#x62D;&#x629; :</subfield>
    <subfield code="b">&#x625;&#x64A;&#x636;&#x627;&#x62D;&#x64A;&#x627;&#x62A; &#x61B;</subfield>
    <subfield code="c">24 &#xD7; 17 &#x633;&#x645;.</subfield>
  </datafield>
  <datafield tag="336" ind1=" " ind2=" ">
    <subfield code="a">&#x646;&#x635;</subfield>
    <subfield code="b">txt</subfield>
    <subfield code="2">rdacontent</subfield>
    <subfield code="3">&#x643;&#x62A;&#x627;&#x628;</subfield>
  </datafield>
  <datafield tag="337" ind1=" " ind2=" ">
    <subfield code="a">&#x628;&#x62F;&#x648;&#x646; &#x648;&#x633;&#x64A;&#x637;</subfield>
    <subfield code="b">n</subfield>
    <subfield code="2">rdamedia</subfield>
  </datafield>
  <datafield tag="338" ind1=" " ind2=" ">
    <subfield code="a">&#x645;&#x62C;&#x644;&#x62F;</subfield>
    <subfield code="b">nc</subfield>
    <subfield code="2">rdacarrier</subfield>
  </datafield>
  <datafield tag="490" ind1="0" ind2=" ">
    <subfield code="a">&#x625;&#x635;&#x62F;&#x627;&#x631;&#x627;&#x62A; &#x62F;&#x627;&#x631;&#x629; &#x627;&#x644;&#x645;&#x644;&#x643; &#x639;&#x628;&#x62F; &#x627;&#x644;&#x639;&#x632;&#x64A;&#x632; &#x61B;</subfield>
    <subfield code="v">233</subfield>
  </datafield>
  <datafield tag="504" ind1=" " ind2=" ">
    <subfield code="a">&#x628;&#x628;&#x644;&#x64A;&#x648;&#x62C;&#x631;&#x627;&#x641;&#x64A;&#x629; : &#x635;&#x641;&#x62D;&#x629; 378-379.</subfield>
  </datafield>
  <datafield tag="520" ind1=" " ind2=" ">
    <subfield code="a">&#x64A;&#x636;&#x645; &#x627;&#x644;&#x643;&#x62A;&#x627;&#x628; &#x628;&#x64A;&#x646; &#x62F;&#x641;&#x62A;&#x64A;&#x647; &#x645;&#x62C;&#x645;&#x648;&#x639;&#x629; &#x645;&#x646; &#x627;&#x644;&#x628;&#x62D;&#x648;&#x62B; &#x627;&#x644;&#x62A;&#x64A; &#x642;&#x62F;&#x645;&#x62A; &#x625;&#x644;&#x649; &#x627;&#x644;&#x645;&#x624;&#x62A;&#x645;&#x631; &#x627;&#x644;&#x639;&#x644;&#x645;&#x64A; &#x627;&#x644;&#x62E;&#x644;&#x64A;&#x62C;&#x64A; &#x627;&#x644;&#x645;&#x63A;&#x627;&#x631;&#x628;&#x64A; &#x627;&#x644;&#x62B;&#x627;&#x644;&#x62B; &#x627;&#x644;&#x630;&#x64A; &#x639;&#x642;&#x62F;&#x62A;&#x647; &#x62F;&#x627;&#x631;&#x629; &#x627;&#x644;&#x645;&#x644;&#x643; &#x639;&#x628;&#x62F; &#x627;&#x644;&#x639;&#x632;&#x64A;&#x632; &#x628;&#x627;&#x644;&#x62A;&#x639;&#x627;&#x648;&#x646; &#x645;&#x639; &#x62C;&#x627;&#x645;&#x639;&#x629; &#x633;&#x64A;&#x62F;&#x64A; &#x645;&#x62D;&#x645;&#x62F; &#x628;&#x646; &#x639;&#x628;&#x62F; &#x627;&#x644;&#x644;&#x647; &#x628;&#x627;&#x644;&#x645;&#x645;&#x644;&#x643;&#x629; &#x627;&#x644;&#x645;&#x63A;&#x631;&#x628;&#x64A;&#x629; &#x648;&#x645;&#x624;&#x633;&#x633;&#x629; &#x627;&#x644;&#x62A;&#x645;&#x64A;&#x645;&#x64A; &#x644;&#x644;&#x628;&#x62D;&#x62B; &#x627;&#x644;&#x639;&#x644;&#x645;&#x64A; &#x648;&#x627;&#x644;&#x645;&#x639;&#x644;&#x648;&#x645;&#x627;&#x62A; &#x641;&#x64A; &#x645;&#x62F;&#x64A;&#x646;&#x629; &#x641;&#x627;&#x633; &#x62E;&#x644;&#x627;&#x644; &#x627;&#x644;&#x645;&#x62F;&#x629; &#x645;&#x646; 19 &#x634;&#x648;&#x627;&#x644; 1438 &#x647;&#x640; &#x627;&#x644;&#x645;&#x648;&#x627;&#x641;&#x642; 29-31 &#x623;&#x643;&#x62A;&#x648;&#x628;&#x631; 2007 &#x645;. &#x648;&#x642;&#x62F; &#x62A;&#x637;&#x631;&#x642;&#x62A; &#x627;&#x644;&#x628;&#x62D;&#x648;&#x62B; &#x625;&#x644;&#x649; &#x645;&#x648;&#x636;&#x648;&#x639;&#x627;&#x62A; &#x645;&#x62A;&#x639;&#x62F;&#x62F;&#x629; &#x643;&#x627;&#x644;&#x639;&#x644;&#x627;&#x642;&#x627;&#x62A; &#x627;&#x644;&#x62E;&#x644;&#x64A;&#x62C;&#x64A;&#x629; &#x627;&#x644;&#x645;&#x63A;&#x627;&#x631;&#x628;&#x64A;&#x629; &#x641;&#x64A; &#x645;&#x62E;&#x62A;&#x644;&#x641; &#x627;&#x644;&#x62C;&#x648;&#x627;&#x646;&#x628;&#x60C; &#x648;&#x627;&#x644;&#x639;&#x644;&#x627;&#x642;&#x627;&#x62A; &#x627;&#x644;&#x62B;&#x642;&#x627;&#x641;&#x64A;&#x629; &#x648;&#x627;&#x644;&#x627;&#x62C;&#x62A;&#x645;&#x627;&#x639;&#x64A;&#x629; &#x648;&#x627;&#x644;&#x627;&#x642;&#x62A;&#x635;&#x627;&#x62F;&#x64A;&#x629; &#x628;&#x64A;&#x646; &#x628;&#x644;&#x627;&#x62F; &#x627;&#x644;&#x645;&#x63A;&#x631;&#x628; &#x648;&#x627;&#x644;&#x645;&#x634;&#x631;&#x642; &#x627;&#x644;&#x639;&#x631;&#x628;&#x64A;&#x64A;&#x646; &#x639;&#x628;&#x631; &#x627;&#x644;&#x642;&#x631;&#x648;&#x646; &#x648;&#x62F;&#x648;&#x631; &#x627;&#x644;&#x62C;&#x627;&#x645;&#x639;&#x627;&#x62A; &#x648;&#x645;&#x631;&#x627;&#x643;&#x632; &#x627;&#x644;&#x628;&#x62D;&#x62B; &#x627;&#x644;&#x639;&#x644;&#x645;&#x64A; &#x628;&#x64A;&#x646; &#x627;&#x644;&#x62C;&#x627;&#x646;&#x628;&#x64A;&#x646;&#x60C; &#x648;&#x627;&#x646;&#x62A;&#x642;&#x627;&#x644; &#x627;&#x644;&#x62E;&#x628;&#x631;&#x627;&#x62A; &#x648;&#x62A;&#x641;&#x639;&#x64A;&#x644; &#x627;&#x644;&#x62D;&#x648;&#x627;&#x631; &#x628;&#x64A;&#x646; &#x62F;&#x648;&#x644; &#x627;&#x644;&#x62E;&#x644;&#x64A;&#x62C; &#x648;&#x627;&#x644;&#x645;&#x63A;&#x631;&#x628; &#x627;&#x644;&#x639;&#x631;&#x628;&#x64A;&#x64A;&#x646;.</subfield>
  </datafield>
  <datafield tag="651" ind1=" " ind2="7">
    <subfield code="a">&#x62F;&#x648;&#x644; &#x627;&#x644;&#x62E;&#x644;&#x64A;&#x62C; &#x627;&#x644;&#x639;&#x631;&#x628;&#x64A;&#x629;</subfield>
    <subfield code="x">&#x639;&#x644;&#x627;&#x642;&#x627;&#x62A; &#x62E;&#x627;&#x631;&#x62C;&#x64A;&#x629;</subfield>
    <subfield code="z">&#x627;&#x644;&#x645;&#x63A;&#x631;&#x628; &#x627;&#x644;&#x639;&#x631;&#x628;&#x64A;</subfield>
    <subfield code="v">&#x645;&#x624;&#x62A;&#x645;&#x631;&#x627;&#x62A;</subfield>
    <subfield code="2">aucsh</subfield>
  </datafield>
  <datafield tag="651" ind1=" " ind2="7">
    <subfield code="a">&#x627;&#x644;&#x645;&#x63A;&#x631;&#x628; &#x627;&#x644;&#x639;&#x631;&#x628;&#x64A;</subfield>
    <subfield code="x">&#x639;&#x644;&#x627;&#x642;&#x627;&#x62A; &#x62E;&#x627;&#x631;&#x62C;&#x64A;&#x629;</subfield>
    <subfield code="z">&#x62F;&#x648;&#x644; &#x627;&#x644;&#x62E;&#x644;&#x64A;&#x62C; &#x627;&#x644;&#x639;&#x631;&#x628;&#x64A;&#x629;</subfield>
    <subfield code="v">&#x645;&#x624;&#x62A;&#x645;&#x631;&#x627;&#x62A;</subfield>
    <subfield code="2">aucsh</subfield>
  </datafield>
  <datafield tag="710" ind1="2" ind2=" ">
    <subfield code="a">&#x62F;&#x627;&#x631;&#x629; &#x627;&#x644;&#x645;&#x644;&#x643; &#x639;&#x628;&#x62F; &#x627;&#x644;&#x639;&#x632;&#x64A;&#x632;</subfield>
    <subfield code="e">&#x645;&#x646;&#x638;&#x645;.</subfield>
  </datafield>
  <datafield tag="710" ind1="2" ind2=" ">
    <subfield code="a">&#x645;&#x624;&#x633;&#x633;&#x629; &#x627;&#x644;&#x62A;&#x645;&#x64A;&#x645;&#x64A; &#x644;&#x644;&#x628;&#x62D;&#x62B; &#x627;&#x644;&#x639;&#x644;&#x645;&#x64A; &#x648;&#x627;&#x644;&#x645;&#x639;&#x644;&#x648;&#x645;&#x627;&#x62A;</subfield>
    <subfield code="e">&#x645;&#x646;&#x638;&#x645;.</subfield>
  </datafield>
  <datafield tag="710" ind1="2" ind2=" ">
    <subfield code="a">&#x62C;&#x627;&#x645;&#x639;&#x629; &#x633;&#x64A;&#x62F;&#x64A; &#x645;&#x62D;&#x645;&#x62F; &#x628;&#x646; &#x639;&#x628;&#x62F; &#x627;&#x644;&#x644;&#x647;</subfield>
    <subfield code="e">&#x645;&#x646;&#x638;&#x645;.</subfield>
  </datafield>
  <datafield tag="942" ind1=" " ind2=" ">
    <subfield code="2">ddc</subfield>
    <subfield code="c">BOOK</subfield>
    <subfield code="n">0</subfield>
  </datafield>
  <datafield tag="949" ind1=" " ind2=" ">
    <subfield code="a">SA-JeALM</subfield>
    <subfield code="d">250714</subfield>
    <subfield code="u">mohamedma123</subfield>
    <subfield code="n">1</subfield>
  </datafield>
  <datafield tag="952" ind1=" " ind2=" ">
    <subfield code="0">0</subfield>
    <subfield code="1">0</subfield>
    <subfield code="2">ddc</subfield>
    <subfield code="4">0</subfield>
    <subfield code="7">0</subfield>
    <subfield code="a">WAHAB</subfield>
    <subfield code="b">WAHAB</subfield>
    <subfield code="d">2025-07-15</subfield>
    <subfield code="l">0</subfield>
    <subfield code="o">327.61053  &#x645; &#x624; &#x62A;</subfield>
    <subfield code="p">000015791</subfield>
    <subfield code="r">2025-07-15 05:58:26</subfield>
    <subfield code="w">2025-07-15</subfield>
    <subfield code="y">BOOK</subfield>
  </datafield>
  <datafield tag="999" ind1=" " ind2=" ">
    <subfield code="c">9919</subfield>
    <subfield code="d">9919</subfield>
  </datafield>
</record>
